Sports Quiz

Random Sports or Football Quiz

English Football Champions Quiz Stats

Quiz not verified by Sporcle

Challenge
Share
Tweet
Embed
Score 0/118 Timer 08:00
0 Plays Today
Season Club % Correct
1907-08Manchester United
100%
1910-11Manchester United
100%
1951-52Manchester United
100%
1955-56Manchester United
100%
1956-57Manchester United
100%
1964-65Manchester United
100%
1966-67Manchester United
100%
1992-93Manchester United
100%
1993-94Manchester United
100%
1995-96Manchester United
100%
1996-97Manchester United
100%
1998-99Manchester United
100%
2012-13Manchester United
100%
1900-01Liverpool
99.7%
1905-06Liverpool
99.7%
1921-22Liverpool
99.7%
1922-23Liverpool
99.7%
1946-47Liverpool
99.7%
1963-64Liverpool
99.7%
1965-66Liverpool
99.7%
1972-73Liverpool
99.7%
1975-76Liverpool
99.7%
1976-77Liverpool
99.7%
1978-79Liverpool
99.7%
1979-80Liverpool
99.7%
1981-82Liverpool
99.7%
1982-83Liverpool
99.7%
1983-84Liverpool
99.7%
1985-86Liverpool
99.7%
1987-88Liverpool
99.7%
1989-90Liverpool
99.7%
1999-2000Manchester United
99.7%
2000-01Manchester United
99.7%
2002-03Manchester United
99.7%
2006-07Manchester United
99.7%
2007-08Manchester United
99.7%
2008-09Manchester United
99.7%
1930-31Arsenal
99.1%
1932-33Arsenal
99.1%
1933-34Arsenal
99.1%
Season Club % Correct
1934-35Arsenal
99.1%
1937-38Arsenal
99.1%
1947-48Arsenal
99.1%
1952-53Arsenal
99.1%
1954-55Chelsea
99.1%
1970-71Arsenal
99.1%
1988-89Arsenal
99.1%
1990-91Arsenal
99.1%
1997-98Arsenal
99.1%
2001-02Arsenal
98.8%
2003-04Arsenal
98.8%
2004-05Chelsea
98.8%
2005-06Chelsea
98.8%
2013-14Manchester City
97.8%
2011-12Manchester City
96.8%
2014-15Chelsea
94.1%
1968-69Leeds United
94.1%
1973-74Leeds United
94.1%
1991-92Leeds United
94.1%
1890-91Everton
93.1%
1914-15Everton
93.1%
1927-28Everton
93.1%
1931-32Everton
93.1%
1938-39Everton
93.1%
1962-63Everton
93.1%
1969-70Everton
93.1%
1984-85Everton
93.1%
1986-87Everton
93.1%
1893-94Aston Villa
92.8%
1895-96Aston Villa
92.8%
1896-97Aston Villa
92.8%
1898-99Aston Villa
92.8%
1899-1900Aston Villa
92.8%
1909-10Aston Villa
92.8%
1911-12Blackburn Rovers
92.8%
1913-14Blackburn Rovers
92.8%
1980-81Aston Villa
92.8%
1994-95Blackburn Rovers
92.8%
1950-51Tottenham Hotspur
92.2%
1904-05Newcastle United
91.6%
Season Club % Correct
1906-07Newcastle United
91.6%
1908-09Newcastle United
91.6%
1926-27Newcastle United
91.6%
1936-37Manchester City
91.6%
1967-68Manchester City
91.6%
1960-61Tottenham Hotspur
91.3%
2015-16Leicester City
89.3%
1977-78Nottingham Forest
84.1%
1891-92Sunderland
83.4%
1892-93Sunderland
83.4%
1894-95Sunderland
83.4%
1901-02Sunderland
83.4%
1912-13Sunderland
83.4%
1935-36Sunderland
83.4%
1953-54Wolverhampton Wanderers
81.3%
1957-58Wolverhampton Wanderers
81.3%
1958-59Wolverhampton Wanderers
81.3%
2016-17Chelsea
80%
1928-29The Wednesday
78.4%
1929-30Sheffield Wednesday
78.4%
1971-72Derby County
74.7%
1974-75Derby County
74.7%
1948-49Portsmouth
73.8%
1949-50Portsmouth
73.8%
1902-03The Wednesday
73.4%
1903-04The Wednesday
73.4%
1897-98Sheffield United
72.5%
1919-20West Bromwich Albion
71.6%
1888-89Preston North End
70.6%
1889-90Preston North End
70.6%
1920-21Burnley
70%
1959-60Burnley
70%
1961-62Ipswich Town
70%
1923-24Huddersfield Town
57.5%
1924-25Huddersfield Town
57.5%
1925-26Huddersfield Town
57.5%
2009-10Chelsea
35.3%
2010-11Manchester United
32.2%

You're not logged in!

Compare scores with friends on all Sporcle quizzes.
Sign Up with Email
OR
Log In

You Might Also Like...

Show Comments

Extras

Top Quizzes Today


Score Distribution

Your Account Isn't Verified!

In order to create a playlist on Sporcle, you need to verify the email address you used during registration. Go to your Sporcle Settings to finish the process.